Планировка и застройка территории жилого квартала: учебное пособие

Bibliographic Details
Main Author: Базавлук В. А. Владимир Алексеевич
Corporate Author: Национальный исследовательский Томский политехнический университет (ТПУ)
Other Authors: Предко Е. В. Екатерина Васильевна
Summary:В пособии приведены материалы к выполнению курсовой работы по учебной дисциплине «Основы градостроительства и планировки населенных мест» в соответствии с положениями образовательного стандарта ТПУ 2.4.01 -02 и рабочей программой по вышеуказанной дисциплине.Предназначено для студентов, обучающихся по направлению подготовки 21.03.20 «Землеустройство и кадастры», профиль «Землеустройство», квалификация (степень) бакалавр.
Language:Russian
Published: Томск, Изд-во ТПУ, 2015
Subjects:
Format: MixedMaterials Book
KOHA link:https://koha.lib.tpu.ru/cgi-bin/koha/opac-detail.pl?biblionumber=318487

MARC

LEADER 00000nam0a2200000 4500
001 318487
005 20231102003100.0
035 |a (RuTPU)RU\TPU\book\343985 
090 |a 318487 
100 |a 20160427d2015 m y0rusy50 ca 
101 0 |a rus 
102 |a RU 
105 |a a j 001zy 
200 1 |a Планировка и застройка территории жилого квартала  |e учебное пособие  |f В. А. Базавлук, Е. В. Предко  |g Национальный исследовательский Томский политехнический университет (ТПУ) 
210 |a Томск  |c Изд-во ТПУ  |d 2015 
215 |a 91 с.  |c ил. 
320 |a Библиогр.: с. 80-81 
330 |a В пособии приведены материалы к выполнению курсовой работы по учебной дисциплине «Основы градостроительства и планировки населенных мест» в соответствии с положениями образовательного стандарта ТПУ 2.4.01 -02 и рабочей программой по вышеуказанной дисциплине.Предназначено для студентов, обучающихся по направлению подготовки 21.03.20 «Землеустройство и кадастры», профиль «Землеустройство», квалификация (степень) бакалавр. 
606 1 |a Улицы городские  |x Планировка и строительство  |2 stltpush  |3 (RuTPU)RU\TPU\subj\62986  |9 80040 
610 1 |a жилые кварталы 
610 1 |a застройка 
610 1 |a градостроительство 
610 1 |a проектирование 
610 1 |a жилые дома 
610 1 |a культурно-бытовые здания 
610 1 |a курсовые работы 
610 1 |a технико-экономическая оценка 
610 1 |a учебные пособия 
610 1 |a труды учёных ТПУ 
675 |a 711.7(075.8)  |v 3 
700 1 |a Базавлук  |b В. А.  |c геолог  |c доцент Томского политехнического университета, кандидат технических наук  |f 1938-  |g Владимир Алексеевич  |2 stltpush  |3 (RuTPU)RU\TPU\pers\30648 
701 1 |a Предко  |b Е. В.  |g Екатерина Васильевна 
712 0 2 |a Национальный исследовательский Томский политехнический университет (ТПУ)  |c (2009- )  |2 stltpush  |3 (RuTPU)RU\TPU\col\15902 
801 1 |a RU  |b 63413507  |c 20160427 
801 2 |a RU  |b 63413507  |c 20160530  |g RCR 
900 |a Планировка населенных мест 
900 |a Землеустройство 
942 |c BK